[Event "GER-ch Net qual2 U18"]
[Site "Playchess.com INT"]
[Date "2009.05.13"]
[Round "5"]
[White "Bahner, Jochen"]
[Black "Grossenbaum, Valeria"]
[Result "1-0"]
[WhiteElo "1606"]
[BlackElo "1587"]
[PlyCount "137"]
[EventDate "2009.05.13"]
[EventType "swiss (blitz)"]
[EventRounds "7"]
[EventCountry "GER"]
[SourceTitle "CBM 130 Extra"]
[Source "ChessBase"]
[SourceDate "2009.07.02"]
[SourceVersion "2"]
[SourceVersionDate "2009.07.15"]
[SourceQuality "1"]

1. e4 c5 2. c3 e6 3. d4 a6 4. f4 b5 5. Nf3 Bb7 6. Bd3 c4 7. Bc2 d5 8. e5 f6 9. 0-0 fxe5 10. fxe5 Be7 11. Be3 a5 12. Qd2 b4 13. Ng5 bxc3 14. bxc3 Bxg5 15. Bxg5 Qd7 16. Qf4 Nh6 17. Bxh6 gxh6 18. Qxh6 Nc6 19. Qh5+ Kd8 20. Rf7 Qe8 21. Qg5+ Kc8 22. Rxh7 Rg8 23. Qf6 Kb8 24. Ba4 Ka7 25. Nd2 Rf8 26. Qg7 Rb8 27. Rb1 Qc8 28. Bxc6 Qxc6 29. Qe7 Rfe8 30. Qa3 Qa6 31. Qc5+ Ka8 32. Rb6 Qa7 33. Rc7 Rec8 34. Rxc8 Rxc8 35. Qb5 Ba6 36. Qb2 Rf8 37. Nf3 a4 38. Qb4 Rb8 39. Rxb8+ Qxb8 40. Qxb8+ Kxb8 41. a3 Bc8 42. Kf2 Kc7 43. h4 Kd8 44. Kg3 Ke7 45. Ng5 Kf8 46. Kf4 Kg7 47. g4 Bd7 48. Nf3 Be8 49. Kg5 Bf7 50. h5 Be8 51. Nh4 Bf7 52. Ng6 Be8 53. Ne7 Kf7 54. Ng6 Kg7 55. h6+ Kh7 56. Nf8+ Kg8 57. h7+ Kh8 58. Kf6 Bf7 59. g5 Bg6 60. Nxg6+ Kxh7 61. Nf8+ Kg8 62. Nxe6 Kh7 63. g6+ Kg8 64. Ng5 Kh8 65. Nf7+ Kg8 66. Nh6+ Kh8 67. g7+ Kh7 68. g8Q+ Kxh6 69. Qg6# 1-0